|
|
|
|
| LEADER |
00574nam a2200157Ia 4500 |
| 008 |
150624b xxu||||| |||| 00| p mal d |
| 082 |
|
|
|a 851.85309
|
| 100 |
|
|
|a Chandrika Sankaranarayanan
|
| 245 |
|
|
|c Chandrika Sankaranarayanan
|a Vayalaar Ramavarma; Ruthuthubhedangalkkum varnam pakarnna kavi /
|
| 260 |
|
|
|a Kottayam :
|b D.C. Books ,
|c 1992.
|
| 300 |
|
|
|a 328 p.
|
| 546 |
|
|
|a In Malayalam.
|
| 650 |
|
|
|v Poetry
|
| 942 |
|
|
|c BK
|
| 999 |
|
|
|c 83022
|d 83022
|
| 952 |
|
|
|0 1
|1 0
|4 0
|6 851_853090000000000_CHA_V_M
|7 0
|9 82966
|a UL
|b UL
|c ST1
|d 1998-09-15
|l 0
|o 851.85309 CHA/V M
|p 66532
|r 2012-10-27
|w 2012-10-27
|y BK
|